000 00665nam a2200241Ia 4500
003 OSt
005 20220928111218.0
006 a|||||r|||| 00| 0
007 ta
008 220927b |||||||| |||| 00| 0 eng d
024 _a30856
037 _cTextual
040 _aSDCL
_cSDCL
_beng
041 _2eng
_aeng
082 _aO15,6x, 15K7
100 _aSukla Ramesh Chandra
_9422647
245 0 _aPrabandharatnakarah.
260 _aVaranasi
_bChaukhamba Vidyabhawan
_c1967
300 _a681p.
_ccm.
490 _aVidyabhawan Sanskrit granthamala 140.
942 _hO15,6x, 15K7
_cTEXL
_2CC
999 _c739055
_d739055